| 000 | 00596nam a22002057a 4500 | ||
|---|---|---|---|
| 005 | 20130924114753.0 | ||
| 010 | _aENG-108040 | ||
| 020 |
_c350.00 _a8180642453 |
||
| 020 |
_a9788180642456 _c350.00 |
||
| 035 | _aEN-91573 | ||
| 037 | _bDBAD/PUB | ||
| 082 | _a954 | ||
| 245 | 0 | 0 |
_aThe study of social history : _cedited by Ratna Ghosh _brecent trends / |
| 260 |
_aKolkata _bProgressive Publishers _c2013 |
||
| 270 |
_a37A, College Street, _bKolkata _e700073 |
||
| 300 |
_a432p. _c22cm(Hb) |
||
| 500 | _aIncludes index | ||
| 700 | _aGhosh, Ratna | ||
| 942 |
_2ddc _cEN _mSTU _h954 |
||
| 999 |
_c77766 _d77766 |
||